[Event "ROM-ch U12"]
[Site "Calimanesti Caciulata"]
[Date "2019.04.16"]
[Round "2"]
[White "Eisler, Darius"]
[Black "Berechet, Eduard Mihai"]
[Result "0-1"]
[WhiteElo "1061"]
[BlackElo "1398"]
[PlyCount "86"]
[EventDate "2019.04.15"]
[EventType "swiss"]
[EventRounds "9"]
[EventCountry "ROU"]
[SourceTitle "CBM 190 Extra"]
[Source "ChessBase"]
[SourceDate "2019.07.15"]
[SourceVersion "1"]
[SourceVersionDate "2019.07.15"]
[SourceQuality "1"]

1. d4 Nf6 2. c4 e6 3. Nf3 c5 4. dxc5 Bxc5 5. a3 b6 6. Nc3 Bb7 7. Bg5 0-0 8. e4 Be7 9. Bd3 d6 10. 0-0 Nbd7 11. Bc2 Rc8 12. b3 d5 13. e5 Ng4 14. Bxe7 Qxe7 15. Qd3 g6 16. Rfe1 dxc4 17. bxc4 Bxf3 18. Qxf3 Ngxe5 19. Qb7 Nxc4 20. Ba4 Rfd8 21. Red1 Nd6 22. Bxd7 Nxb7 23. Bxc8 Rxc8 24. Ne4 Rd8 25. Nc3 Rxd1+ 26. Nxd1 Qc5 27. Ne3 Qc3 28. Rd1 Qxa3 29. h3 b5 30. Kh2 b4 31. Nc2 Qb3 32. Rd2 Qc3 33. Rd7 Qxc2 34. Rxb7 b3 35. Rxa7 b2 36. Rb7 b1Q 37. Rxb1 Qxb1 38. f4 Qe4 39. f5 exf5 40. g4 fxg4 41. h4 Qf4+ 42. Kh1 g3 43. h5 Qf1# 0-1

[Event "ROM-ch U10"]
[Site "Calimanesti"]
[Date "2018.03.30"]
[Round "5"]
[White "Eisler, Darius"]
[Black "Grosu, Albert Constantin"]
[Result "0-1"]
[WhiteElo "1004"]
[BlackElo "1071"]
[PlyCount "21"]
[EventDate "2018.03.27"]
[EventType "swiss"]
[EventRounds "9"]
[EventCountry "ROU"]
[SourceTitle "CBM 183 Extra"]
[Source "ChessBase"]
[SourceDate "2018.04.19"]
[SourceVersion "1"]
[SourceVersionDate "2018.04.19"]
[SourceQuality "1"]

1. d4 e5 2. dxe5 Nc6 3. f4 f6 4. Nf3 Qe7 5. e3 fxe5 6. Nxe5 Nxe5 7. fxe5 Qxe5 8. Bd3 Nf6 9. 0-0 Bd6 10. g3 0-0 11. Nc3 0-1